000 00907nam a22001937a 4500
999 _c6879
_d6879
003 AR-CdUCM
008 190319b ||||| |||| 00| 0 spa d
040 _aMUNICIPALIDAD PROVINCIAL DEL CUSCO
_cBIBLIOTECA MUNICIPAL DEL CUSCO
082 _a531 /
_bA76
100 _aAroca Sanz, Juan
_919388
245 _aLa fascinante historia del movimiento continuo /
260 _aMéxico :
_bHispano americana,
_c1963.
300 _a229 paginas ;
_c17 cm.
505 _aContenido :Los móviles perpetuos y los motores perpetuos -- Villard de Honnecourt, o la primera versión gráfica que se conoce sobre el movimiento continuo -- Leonardo de Vinci y el movimiento continuo -- De las ruedas con pesos oscilantes a los planos inclinados .. Primeros aparatos inspirados en la piedra imán ...
650 _aMovimientos mecánicos
_919389
650 _aCiencias naturales
_910176
942 _2ddc
_cLIBROS
945 _arum